Cities with the highest elevation - Statistics

General Stats
  • This quiz has been taken 23 times
  • The average score is 19 of 50
Answer Stats
Continent Height Answer % Correct
South America 2601 Bogotá
85%
South America 3869 La Paz
85%
North America 2316 Mexico City
85%
North America 1673 Denver
80%
South America 2789 Quito
80%
Asia 1353 Kathmandu
70%
Asia 1845 Kabul
65%
North America 1583 Guadalajara
60%
North America 1018 Caracas
55%
South America 1650 Medellin
55%
Africa 1702 Nairobi
55%
North America 2176 Puebla
55%
Asia 1239 Tehran
55%
South America 1184 Brasilia
50%
Africa 1187 Kampala
50%
Africa 2361 Addis Ababa
45%
North America 1463 Guatemala City
45%
Asia 1587 Isfahan
40%
Africa 1624 Johannesburg
40%
Africa 1473 Kigali
40%
Asia 2316 Sana'a
40%
North America 1128 San José
40%
North America 2648 Toluca
40%
Asia 1326 Ulaanbaatar
40%
Asia 1058 Yerevan
40%
North America 1095 Calgary
35%
North America 1845 Leon
35%
Africa 1257 Lusaka
35%
Asia 1011 Mashhad
35%
Africa 1365 Pretoria
35%
North America 1163 Ciudad Juarez
30%
South America 2621 Cochabamba
30%
Africa 1479 Harare
30%
Africa 1270 Antananarivo
25%
Asia 1923 Kunming
25%
North America 1873 San Luis Potosi
25%
Asia 1571 Shiraz
25%
Asia 1185 Guiyang
20%
Africa 1252 Lubumbashi
20%
Asia 1449 Tabriz
20%
Asia 1593 Lanzhou
15%
Asia 2299 Xining
15%
Asia 1060 Baotou
10%
Asia 1069 Hohhot
10%
Asia 1598 Srinagar
10%
Asia 1112 Yinchuan
10%
North America 1132 Torreon
5%
Africa 1149 Beni
0%
Asia 1059 Datong
0%
Asia 1359 Kermanshah
0%
No matching quizzes found
Score Distribution
Percent of People with Each Score
Percentile by Number Answered
Your Score History
You have not taken this quiz